[Event "2BLS 1920 SC Heusenstamm - SV 1947 Wall"]
[Site "?"]
[Date "2019.11.24"]
[Round "4.5"]
[White "Mueller, Olaf"]
[Black "Poetsch, Hagen"]
[Result "0-1"]
[WhiteElo "2343"]
[BlackElo "2516"]
[PlyCount "54"]
[EventDate "2019.??.??"]

1. c4 e5 2. g3 Nf6 3. Bg2 d5 4. cxd5 Nxd5 5. Nf3 Nc6 6. O-O Nb6 7. Nc3 Be7 8.
Rb1 a5 9. b3 O-O 10. Bb2 Be6 11. Rc1 f5 12. d4 e4 13. Ne5 Nxe5 14. dxe5 c6 15.
Qc2 a4 16. g4 axb3 17. axb3 g6 18. Ra1 Rxa1 19. Bxa1 Nd5 20. Rd1 Qb6 21. gxf5
gxf5 22. e3 Ra8 23. Rb1 Qc5 24. Qd2 Rxa1 25. Rxa1 Nxc3 26. Ra8+ Kg7 27. f4 Nd5
0-1

[Event "2BLS 1920 SC Heusenstamm - SV 1947 Wall"]
[Site "?"]
[Date "2019.11.24"]
[Round "4.6"]
[White "Klekowski, Maciej"]
[Black "Adler, Joel"]
[Result "1-0"]
[WhiteElo "2485"]
[BlackElo "2240"]
[PlyCount "31"]
[EventDate "2019.??.??"]

1. c4 e5 2. g3 h5 3. Nf3 e4 4. Nh4 Nf6 5. Nc3 c6 6. d3 d5 7. cxd5 cxd5 8. Bg2
Bb4 9. O-O Bxc3 10. bxc3 Qc7 11. Bf4 Qc6 12. c4 dxc4 13. dxe4 Be6 14. e5 Nd5
15. Nf5 O-O 16. Bxd5 1-0

[Event "2BLS 1920 SC Heusenstamm - SV 1947 Wall"]
[Site "?"]
[Date "2019.11.24"]
[Round "4.7"]
[White "Fichter, Fabian"]
[Black "Barski, Radoslaw"]
[Result "0-1"]
[WhiteElo "2267"]
[BlackElo "2441"]
[PlyCount "74"]
[EventDate "2019.??.??"]

1. e4 c5 2. Nf3 Nc6 3. Bb5 Nf6 4. Bxc6 dxc6 5. d3 Qc7 6. h3 e5 7. O-O h6 8.
Nbd2 Be6 9. a3 a5 10. Re1 Be7 11. b3 a4 12. Bb2 Nd7 13. b4 cxb4 14. axb4 b5 15.
d4 O-O 16. c4 bxc4 17. Rxa4 Nb6 18. Rxa8 Rxa8 19. d5 cxd5 20. Bxe5 Qb7 21. exd5
Qxd5 22. Bd4 Nd7 23. Qb1 Rb8 24. Bc3 Nc5 25. Nd4 Na4 26. Ba1 Rxb4 27. Qc2 c3
28. N2f3 Rxd4 29. Nxd4 Qxd4 30. Rb1 g6 31. Rb7 Bf6 32. Rb8+ Kh7 33. Ra8 Nb2 34.
Kh2 h5 35. Qe2 Qe5+ 36. Qxe5 Bxe5+ 37. g3 c2 0-1

[Event "2BLS 1920 SC Heusenstamm - SV 1947 Wall"]
[Site "?"]
[Date "2019.11.24"]
[Round "4.8"]
[White "Paszewski, Mateusz"]
[Black "Haas, Frank-Martin"]
[Result "1-0"]
[WhiteElo "2271"]
[BlackElo "2128"]
[PlyCount "57"]
[EventDate "2019.??.??"]

1. e4 e6 2. d4 d5 3. Nd2 dxe4 4. Nxe4 Bd7 5. Nf3 Bc6 6. Bd3 Nd7 7. O-O Ngf6 8.
Ng3 Be7 9. Re1 O-O 10. c3 b5 11. Bf4 a6 12. Qe2 Bxf3 13. Qxf3 c5 14. dxc5 Nxc5
15. Bc2 Qd5 16. Qe2 Rfd8 17. Be3 Rab8 18. Bd4 Qc4 19. Qf3 Qd5 20. Qf4 Bd6 21.
Qh4 e5 22. Be3 Qc4 23. Qh3 h6 24. Nf5 Qg4 25. Nxd6 Qxh3 26. gxh3 Rxd6 27. Bxc5
Rd2 28. Rac1 Nd5 29. Red1 1-0

[Event "2BLS 1920 SC Emmendingen - OSG Baden-Ba"]
[Site "?"]
[Date "2020.02.07"]
[Round "4.1"]
[White "Gozzoli, Yannick"]
[Black "Sasikiran, Krishnan"]
[Result "1/2-1/2"]
[WhiteElo "2604"]
[BlackElo "2648"]
[PlyCount "64"]
[EventDate "2020.??.??"]

1. d4 d5 2. c4 c6 3. Nf3 Nf6 4. Nc3 e6 5. Bg5 h6 6. Bxf6 Qxf6 7. e3 Nd7 8. Bd3
dxc4 9. Bxc4 g6 10. O-O Bg7 11. Re1 O-O 12. e4 e5 13. d5 Rd8 14. h3 h5 15. Qe2
Nb6 16. Bb3 Bh6 17. Rad1 Bd7 18. dxc6 bxc6 19. Rd3 Be6 20. Bxe6 Qxe6 21. Red1
Rxd3 22. Rxd3 Bf8 23. b3 Be7 24. Qe3 Kg7 25. Nb1 c5 26. Na3 c4 27. Nxc4 Nxc4
28. bxc4 Qxc4 29. Rd7 Bf6 30. Qb3 Qxb3 31. axb3 a5 32. g4 hxg4 1/2-1/2

[Event "2BLS 1920 SC Emmendingen - OSG Baden-Ba"]
[Site "?"]
[Date "2020.02.07"]
[Round "4.2"]
[White "Bauer, Christian"]
[Black "Dann, Matthias"]
[Result "1-0"]
[WhiteElo "2630"]
[BlackElo "2513"]
[PlyCount "63"]
[EventDate "2020.??.??"]

1. e4 c5 2. Na3 d6 3. c3 Nf6 4. g3 b6 5. Bg2 Bb7 6. d3 Nbd7 7. f4 e6 8. Nh3 a6
9. O-O Be7 10. Qe2 b5 11. Nf2 Qc7 12. Bd2 Nb6 13. Rac1 O-O 14. g4 Nfd7 15. Nc2
Rae8 16. Ne3 d5 17. e5 f6 18. d4 fxe5 19. fxe5 Nc4 20. Nxc4 dxc4 21. Ne4 Bd5
22. g5 cxd4 23. cxd4 Qa7 24. Be3 Qb7 25. Qg4 g6 26. Rf6 Qb6 27. Re1 Qa5 28.
Ref1 Bxf6 29. gxf6 Qb6 30. f7+ Rxf7 31. Rxf7 Nxe5 32. Qh4 1-0

[Event "2BLS 1920 SC Emmendingen - OSG Baden-Ba"]
[Site "?"]
[Date "2020.02.07"]
[Round "4.3"]
[White "Bellahcene, Bilel"]
[Black "Baklan, Vladimir"]
[Result "1-0"]
[WhiteElo "2510"]
[BlackElo "2589"]
[PlyCount "93"]
[EventDate "2020.??.??"]

1. e4 c5 2. Nf3 Nc6 3. d4 cxd4 4. Nxd4 g6 5. c4 Nf6 6. Nc3 Nxd4 7. Qxd4 d6 8.
Be2 Bg7 9. Be3 O-O 10. Qd2 a5 11. O-O a4 12. Bd4 Qa5 13. Qd3 Be6 14. Nd5 Bxd5
15. exd5 Nd7 16. Bxg7 Kxg7 17. Rfe1 Qb6 18. Qc3+ Kg8 19. Rad1 Rfe8 20. Bf1 Qa5
21. Qd4 Qc5 22. Qd2 Ra6 23. Re3 Rb6 24. Qc2 Qb4 25. Rd2 e5 26. dxe6 Rxe6 27. a3
Qa5 28. Rxe6 fxe6 29. g3 Nf6 30. Qd1 Ne4 31. Re2 Nc5 32. h4 Kg7 33. Bg2 Ra6 34.
h5 Qc7 35. Qd2 Qe7 36. h6+ Kh8 37. Qc3+ Kg8 38. Bd5 Kf7 39. Qh8 Qf8 40. Qxh7+
Kf6 41. Re3 Kg5 42. Bxe6 Ra8 43. Bd5 Qf6 44. Qg7 Rf8 45. Qxf6+ Kxf6 46. Rf3+
Ke7 47. h7 1-0

[Event "2BLS 1920 SC Emmendingen - OSG Baden-Ba"]
[Site "?"]
[Date "2020.02.07"]
[Round "4.4"]
[White "Hera, Imre Jr"]
[Black "Halkias, Stelios"]
[Result "1/2-1/2"]
[WhiteElo "2621"]
[BlackElo "2564"]
[PlyCount "33"]
[EventDate "2020.??.??"]

1. Nf3 Nf6 2. g3 e6 3. Bg2 d5 4. O-O Be7 5. c4 O-O 6. d4 dxc4 7. Ne5 Nc6 8.
Bxc6 bxc6 9. Nxc6 Qe8 10. Nxe7+ Qxe7 11. Qa4 e5 12. dxe5 Qxe5 13. Qxc4 Be6 14.
Qc2 Bf5 15. Qc4 Be6 16. Qc2 Bf5 17. Qc4 1/2-1/2

[Event "2BLS 1920 SC Emmendingen - OSG Baden-Ba"]
[Site "?"]
[Date "2020.02.07"]
[Round "4.5"]
[White "Riff, Jean-Noel"]
[Black "Shevchenko, Kirill"]
[Result "1/2-1/2"]
[WhiteElo "2506"]
[BlackElo "2580"]
[PlyCount "26"]
[EventDate "2020.??.??"]

1. e4 c5 2. Nf3 d6 3. Bb5+ Bd7 4. d4 cxd4 5. Qxd4 a6 6. Bxd7+ Nxd7 7. c4 b5 8.
Nc3 e5 9. Qd3 bxc4 10. Qxc4 Nb6 11. Qc6+ Nd7 12. Qc4 Nb6 13. Qc6+ Nd7 1/2-1/2

[Event "2BLS 1920 SC Emmendingen - OSG Baden-Ba"]
[Site "?"]
[Date "2020.02.07"]
[Round "4.6"]
[White "Korpa, Bence"]
[Black "Martin, Julian"]
[Result "1-0"]
[WhiteElo "2541"]
[BlackElo "2389"]
[PlyCount "41"]
[EventDate "2020.??.??"]

1. Nf3 Nf6 2. g3 b6 3. Bg2 Bb7 4. O-O d5 5. d3 e6 6. Nbd2 Be7 7. e4 c5 8. Re1
O-O 9. e5 Nfd7 10. Nf1 Nc6 11. h4 b5 12. h5 a5 13. h6 g6 14. N1h2 a4 15. a3 b4
16. Bf4 Qc7 17. Qd2 c4 18. Bg5 Bxg5 19. Qxg5 cxd3 20. cxd3 Ndxe5 21. Qf6 1-0

[Event "2BLS 1920 SC Emmendingen - OSG Baden-Ba"]
[Site "?"]
[Date "2020.02.07"]
[Round "4.7"]
[White "Schmaltz, Roland"]
[Black "Sokolov, Andrei"]
[Result "1/2-1/2"]
[WhiteElo "2447"]
[BlackElo "2490"]
[PlyCount "66"]
[EventDate "2020.??.??"]

1. e4 c5 2. Nf3 e6 3. d4 cxd4 4. Nxd4 Nc6 5. Nc3 Qc7 6. Be3 a6 7. Qf3 Nf6 8.
O-O-O d6 9. Qg3 Bd7 10. f3 Rc8 11. Nxc6 Bxc6 12. Bd3 d5 13. e5 Nd7 14. f4 g6
15. h4 h5 16. Qf2 Qa5 17. Kb1 Bb5 18. Ne2 Bc4 19. Nc1 Bc5 20. Nb3 Bxe3 21. Qxe3
Bxb3 22. cxb3 Qb6 23. Qxb6 Nxb6 24. Rc1 Kd7 25. Rxc8 Nxc8 26. Kc2 Ne7 27. Rh3
Rc8+ 28. Kd2 Nc6 29. Bb1 Nd4 30. Rc3 Rf8 31. Rg3 Rc8 32. Rc3 Rf8 33. Rg3 Rc8
1/2-1/2

[Event "2BLS 1920 SC Emmendingen - OSG Baden-Ba"]
[Site "?"]
[Date "2020.02.07"]
[Round "4.8"]
[White "Lodici, Lorenzo"]
[Black "Schmider, Niklas"]
[Result "1/2-1/2"]
[WhiteElo "2492"]
[BlackElo "2280"]
[PlyCount "81"]
[EventDate "2020.??.??"]

1. d4 Nf6 2. c4 g6 3. f3 d5 4. cxd5 Nxd5 5. e4 Nb6 6. Nc3 Bg7 7. Be3 O-O 8. Qd2
Nc6 9. O-O-O Qd6 10. Kb1 Rd8 11. Nb5 Qd7 12. d5 a6 13. Nc3 Na5 14. Qc1 Nbc4 15.
Bd4 Bxd4 16. Rxd4 b5 17. Bxc4 Nxc4 18. Nge2 Bb7 19. h4 e5 20. dxe6 Qxe6 21.
Rhd1 Rxd4 22. Rxd4 Qe7 23. Nf4 Qxh4 24. b3 Nb6 25. Qd2 Qe7 26. Nfd5 Nxd5 27.
Nxd5 Bxd5 28. Rxd5 Qf6 29. Rd7 a5 30. Rxc7 a4 31. Qd5 Rb8 32. e5 Qf5+ 33. Kb2
axb3 34. axb3 Re8 35. Qxb5 Rxe5 36. Qa6 Qg5 37. Rc2 Re3 38. Qd6 Re8 39. Rd2 Ra8
40. b4 Qb5 41. Qe7 1/2-1/2

[Event "2BLS 1920 SC Heusenstamm - TSV Schoenai"]
[Site "?"]
[Date "2021.08.06"]
[Round "5.1"]
[White "Bosiocic, Marin"]
[Black "Michalik, Peter"]
[Result "1-0"]
[WhiteElo "2610"]
[BlackElo "2594"]
[PlyCount "109"]
[EventDate "2021.??.??"]

1. e4 e5 2. Nf3 Nc6 3. Bb5 Nf6 4. d3 Bc5 5. c3 O-O 6. O-O d5 7. exd5 Qxd5 8.
Bc4 Qd8 9. b4 Bd6 10. Nbd2 h6 11. h3 Bf5 12. Qe2 a6 13. a4 Re8 14. Ne4 Be6 15.
Rb1 Nxe4 16. dxe4 Qf6 17. Bxe6 Qxe6 18. Be3 Ne7 19. Nd2 Ng6 20. Qg4 Bf8 21.
Qxe6 Rxe6 22. g3 Rc8 23. Nb3 b6 24. Rfd1 Be7 25. h4 Nf8 26. a5 Rc6 27. Rd3 Ne6
28. Kf1 Kf8 29. Ke2 Nd8 30. Ra1 b5 31. h5 Nb7 32. f4 Nd6 33. Nc5 Nc4 34. Bf2
Ke8 35. Rd5 Bd6 36. Kf3 Rd8 37. Rad1 Nb2 38. R1d2 Nc4 39. Re2 f6 40. Kg4 Bxc5
41. Bxc5 Nxa5 42. Rxd8+ Kxd8 43. Bf8 Nc4 44. Bxg7 Ke7 45. Bxh6 Kf7 46. Kh4 Nd6
47. fxe5 fxe5 48. g4 Rc4 49. Rf2+ Ke6 50. Bg7 Rxe4 51. h6 Re1 52. Kh5 Ne4 53.
Rf5 Ng3+ 54. Kg6 Nxf5 55. gxf5+ 1-0

[Event "2BLS 1920 SC Heusenstamm - TSV Schoenai"]
[Site "?"]
[Date "2021.08.06"]
[Round "5.2"]
[White "Krejci, Jan"]
[Black "Krassowizkij, Jaroslaw"]
[Result "1/2-1/2"]
[WhiteElo "2547"]
[BlackElo "2448"]
[PlyCount "50"]
[EventDate "2021.??.??"]

1. c4 e6 2. d4 d5 3. Nc3 Nf6 4. cxd5 Nxd5 5. e4 Nxc3 6. bxc3 c5 7. Nf3 cxd4 8.
cxd4 Bb4+ 9. Bd2 Bxd2+ 10. Qxd2 O-O 11. Bc4 Nd7 12. O-O b6 13. Rfe1 Bb7 14.
Rad1 Rc8 15. Bb3 Re8 16. h3 Nf6 17. Qd3 h6 18. Ne5 Nd7 19. f4 Nxe5 20. fxe5 Qg5
21. Qe3 Qxe3+ 22. Rxe3 Ba6 23. d5 Bc4 24. d6 Bxb3 25. axb3 Red8 1/2-1/2

[Event "2BLS 1920 SC Heusenstamm - TSV Schoenai"]
[Site "?"]
[Date "2021.08.06"]
[Round "5.3"]
[White "Saric, Ante"]
[Black "Sadzikowski, Daniel"]
[Result "1/2-1/2"]
[WhiteElo "2539"]
[BlackElo "2529"]
[PlyCount "70"]
[EventDate "2021.??.??"]

1. d4 Nf6 2. c4 e6 3. Nf3 b6 4. g3 Bb7 5. Bg2 Bb4+ 6. Nbd2 c5 7. a3 Bxd2+ 8.
Qxd2 cxd4 9. Qxd4 Nc6 10. Qh4 Rc8 11. Bg5 Na5 12. Rc1 Bxf3 13. Bxf3 d5 14. cxd5
Rxc1+ 15. Bxc1 Nxd5 16. Bg5 f6 17. Bd2 O-O 18. Bxa5 bxa5 19. Qc4 Qd6 20. O-O
Ne7 21. Qa4 Qc7 22. Rd1 Rd8 23. Rxd8+ Qxd8 24. Qb5 Ng6 25. e3 Qb6 26. Qd7 Nf8
27. Qd2 Kf7 28. Bd1 Qc7 29. Ba4 Ng6 30. f4 Ne7 31. Bb3 f5 32. Ba2 Ng8 33. Bb1
Nf6 34. Bd3 Qc5 35. Be2 Ne4 1/2-1/2

[Event "2BLS 1920 SC Heusenstamm - TSV Schoenai"]
[Site "?"]
[Date "2021.08.06"]
[Round "5.4"]
[White "Polak, Tomas"]
[Black "Menezes, Christoph"]
[Result "0-1"]
[WhiteElo "2553"]
[BlackElo "2384"]
[PlyCount "114"]
[EventDate "2021.??.??"]

1. d4 Nf6 2. c4 e6 3. Nf3 d5 4. Nc3 Bb4 5. Bg5 h6 6. Bxf6 Qxf6 7. g3 O-O 8. Bg2
dxc4 9. O-O Nc6 10. Ne4 Qe7 11. Qc2 e5 12. a3 Ba5 13. d5 Nd8 14. Qxc4 f5 15.
Nc5 Nf7 16. Rac1 Bb6 17. Na4 Nd6 18. Qc3 Re8 19. Nxb6 cxb6 20. Qb4 Nf7 21. Qb3
Nd6 22. Rc2 f4 23. gxf4 exf4 24. Nd4 Kh8 25. Rfc1 Bd7 26. Rc7 Rac8 27. R1c3
Rxc7 28. Rxc7 Rc8 29. Qc3 Qf6 30. Rxc8+ Bxc8 31. Nb5 Qxc3 32. Nxc3 g5 33. Ne4
Nc4 34. Nc3 Kg7 35. Nd1 Kf6 36. Kf1 Ke5 37. Ke1 Bf5 38. e3 Bc2 39. exf4+ gxf4
40. Nc3 Nxb2 41. d6 Bf5 42. Bxb7 Bd7 43. Ba6 Kxd6 44. Kd2 Na4 45. Nb5+ Bxb5 46.
Bxb5 Nc5 47. Ke2 Ke5 48. Be8 a6 49. Kf3 b5 50. Bc6 Na4 51. Kg4 Nc3 52. Kh5 a5
53. Kxh6 b4 54. axb4 axb4 55. Be8 f3 56. Bf7 Ne4 57. Bc4 Kd4 0-1

[Event "2BLS 1920 SC Heusenstamm - TSV Schoenai"]
[Site "?"]
[Date "2021.08.06"]
[Round "5.5"]
[White "Wenninger, Philipp"]
[Black "Wieczorek, Oskar"]
[Result "1/2-1/2"]
[WhiteElo "2384"]
[BlackElo "2498"]
[PlyCount "138"]
[EventDate "2021.??.??"]

1. d4 Nf6 2. Bg5 e6 3. e4 h6 4. Bxf6 Qxf6 5. Nf3 d6 6. Nbd2 g6 7. Bd3 Bg7 8. c3
Nd7 9. O-O O-O 10. Qe2 e5 11. Rfe1 Qe7 12. Rad1 Nf6 13. dxe5 dxe5 14. Nc4 Nd7
15. Ne3 c6 16. b4 a5 17. a3 b5 18. Rc1 Nb6 19. c4 bxc4 20. Nxc4 Nxc4 21. Rxc4
axb4 22. axb4 Bd7 23. Rb1 Rfb8 24. Qd2 Rb6 25. Qc3 Rab8 26. Rc5 Be8 27. h3 Kh7
28. Nd2 Qb7 29. Nc4 Rxb4 30. Rxb4 Qxb4 31. Qxb4 Rxb4 32. Nxe5 Bf8 33. Rc1 Rd4
34. Bf1 Ba3 35. Ra1 Rxe4 36. Nxc6 Bc5 37. Rc1 Bb6 38. Rb1 Bxf2+ 39. Kxf2 Bxc6
40. Be2 Re7 41. Bf3 Bxf3 42. Kxf3 Ra7 43. Rb6 Kg7 44. h4 Ra3+ 45. Kf2 Ra4 46.
g3 Re4 47. Kf3 Re6 48. Rb7 Kf6 49. Kf4 Ra6 50. Kg4 Ke6 51. Kf4 Ra4+ 52. Kf3 Ra5
53. Kg2 Rd5 54. Kf3 Rd3+ 55. Kf4 f6 56. Rb6+ Rd6 57. Rb5 g5+ 58. hxg5 hxg5+ 59.
Kf3 Rd3+ 60. Kf2 Rd4 61. Kf3 f5 62. Ra5 Rd3+ 63. Kf2 Rd2+ 64. Kf1 Kf6 65. Kg1
Ke6 66. g4 Rd5 67. Rxd5 Kxd5 68. gxf5 Ke5 69. Kg2 Kxf5 1/2-1/2

[Event "2BLS 1920 SC Heusenstamm - TSV Schoenai"]
[Site "?"]
[Date "2021.08.06"]
[Round "5.6"]
[White "Poetsch, Hagen"]
[Black "Koelle, Tobias"]
[Result "1-0"]
[WhiteElo "2525"]
[BlackElo "2312"]
[PlyCount "93"]
[EventDate "2021.??.??"]

1. e4 c5 2. Nf3 d6 3. d4 cxd4 4. Nxd4 Nf6 5. Nc3 a6 6. Bg5 Nbd7 7. Bc4 Qb6 8.
Bb3 e6 9. Bxf6 Nxf6 10. Qd2 Be7 11. O-O-O Qc5 12. f4 O-O 13. f5 e5 14. Nf3 a5
15. Nd5 Nxd5 16. Bxd5 Bd7 17. g4 Bc6 18. Qe2 Rfc8 19. Kb1 Ra6 20. c4 a4 21. Rc1
a3 22. b3 Raa8 23. Rhd1 Bxd5 24. Rxd5 Qc7 25. Qd2 b6 26. g5 Ra5 27. h4 Rc5 28.
h5 Qb7 29. Qd3 Qc7 30. f6 gxf6 31. gxf6 Rxd5 32. exd5 Bxf6 33. Qf5 Qd8 34. Nd2
Bg5 35. Rg1 f6 36. Ne4 Kh8 37. Nxd6 Rc7 38. Qe6 Qd7 39. Nf5 b5 40. Qxd7 Rxd7
41. Kc2 Kg8 42. c5 Kf7 43. Rd1 b4 44. d6 Rd8 45. c6 Ke6 46. c7 Ra8 47. d7 1-0

[Event "2BLS 1920 SC Heusenstamm - TSV Schoenai"]
[Site "?"]
[Date "2021.08.06"]
[Round "5.7"]
[White "Lorscheid, Gerhard"]
[Black "Barski, Radoslaw"]
[Result "1/2-1/2"]
[WhiteElo "2191"]
[BlackElo "2441"]
[PlyCount "177"]
[EventDate "2021.??.??"]

1. c4 e6 2. Nc3 d5 3. cxd5 exd5 4. d4 c6 5. Bf4 Bd6 6. Bg3 Nf6 7. e3 O-O 8. Bd3
Re8 9. Qc2 a5 10. Nf3 Na6 11. a3 Bg4 12. Bxd6 Qxd6 13. Ne5 Bh5 14. O-O Nc5 15.
Nxf7 Bxf7 16. dxc5 Qxc5 17. Na4 Qd6 18. h3 Qe5 19. Nc5 Re7 20. Rae1 Rae8 21. b4
axb4 22. axb4 Qh5 23. b5 cxb5 24. Nb3 Be6 25. Nd4 b4 26. Qd1 Bg4 27. Be2 Bxe2
28. Qxe2 Qe5 29. Nf3 Qd6 30. Nd4 Qb6 31. Qb2 Rc7 32. Rb1 Rc4 33. Rfd1 Ne4 34.
Rd3 Qf6 35. Nf3 Qxb2 36. Rxb2 Nc3 37. Nd2 b5 38. g3 Ra8 39. Kg2 Ra3 40. Rd4
Rxd4 41. exd4 Ra4 42. Nb3 Ne4 43. Nc1 Nd6 44. Nd3 b3 45. Rxb3 Rxd4 46. Ne5 Kf8
47. Ra3 Rd2 48. Ra7 Ne4 49. Rf7+ Kg8 50. Rb7 h5 51. Rxb5 Rxf2+ 52. Kg1 Rd2 53.
Ng6 d4 54. Rxh5 Nxg3 55. Rd5 Kf7 56. Nf4 Kf6 57. h4 g6 58. Rg5 Ne2+ 59. Nxe2
Rxe2 60. Rg4 d3 61. Kf1 Rh2 62. Ke1 Kg7 63. Kd1 Kh6 64. Ke1 Kh5 65. Rg5+ Kh6
66. Rg4 Kg7 67. Kd1 Kf6 68. Ke1 Ra2 69. Kd1 Rb2 70. Ke1 Rh2 71. Kd1 Rh3 72. Kd2
Kg7 73. Kc3 Kh6 74. Kd2 Rf3 75. Kc3 Rf5 76. Kxd3 Kh5 77. Ra4 Rf1 78. Ke2 Rh1
79. Kf2 Rxh4 80. Ra5+ g5 81. Kg1 Rb4 82. Ra1 Kh4 83. Rc1 g4 84. Rc3 g3 85. Rc8
Kh3 86. Rh8+ Rh4 87. Ra8 Rc4 88. Rh8+ Rh4 89. Ra8 1/2-1/2

[Event "2BLS 1920 SC Heusenstamm - TSV Schoenai"]
[Site "?"]
[Date "2021.08.06"]
[Round "5.8"]
[White "Zuyev, Igor"]
[Black "Richter, Nils"]
[Result "1-0"]
[WhiteElo "2447"]
[BlackElo "2292"]
[PlyCount "113"]
[EventDate "2021.??.??"]

1. e4 c6 2. d4 d5 3. exd5 cxd5 4. Bd3 Nc6 5. c3 Qc7 6. Ne2 Bg4 7. f3 Bd7 8. Bf4
e5 9. dxe5 Nxe5 10. Bc2 Bd6 11. Ba4 Nf6 12. Bxd7+ Qxd7 13. O-O O-O 14. Bg5 Be7
15. Nd2 h6 16. Be3 Nc4 17. Nxc4 dxc4 18. Qxd7 Nxd7 19. Rad1 Bc5 20. Bd4 Rac8
21. Ng3 Rfd8 22. Nf5 Bf8 23. Bxg7 Nb6 24. Bxh6 Bxh6 25. Nxh6+ Kf8 26. Nf5 Na4
27. h4 Nxb2 28. Rb1 Rd2 29. h5 Re8 30. Ng3 Na4 31. Ne4 Rxa2 32. Rxb7 Nc5 33.
Rc7 Ne6 34. Rxc4 Nf4 35. Rf2 Ra1+ 36. Kh2 Nxh5 37. Rd2 Kg7 38. Rc7 Rh8 39. Ng5
Nf6+ 40. Kg3 Kg6 41. Nxf7 Rg8 42. Kf2 Ra5 43. Nd6 Rf8 44. c4 Ng4+ 45. Ke2 Nf6
46. c5 Nh5 47. Ne4 Nf4+ 48. Kf2 Ra6 49. Rd6+ Rxd6 50. cxd6 Rb8 51. Rxa7 Kf5 52.
Ra2 Nd3+ 53. Ke3 Nb4 54. g4+ Ke6 55. Rd2 Nd5+ 56. Kf2 Rb3 57. Nc5+ 1-0

[Event "2BLS 1920 SV 1920 Hofheim - Stuttgarter"]
[Site "?"]
[Date "2019.12.07"]
[Round "5.1"]
[White "Schitco, Ivan"]
[Black "Bernadskiy, Vitaliy"]
[Result "0-1"]
[WhiteElo "2474"]
[BlackElo "2593"]
[PlyCount "72"]
[EventDate "2019.??.??"]

1. d4 Nf6 2. c4 g6 3. Nf3 Bg7 4. e3 O-O 5. Be2 c5 6. d5 d6 7. O-O e6 8. Nc3
exd5 9. cxd5 Na6 10. Nd2 Re8 11. e4 Nc7 12. a4 a6 13. Re1 Rb8 14. a5 Bd7 15.
Nc4 Nb5 16. f3 Nxc3 17. bxc3 Bb5 18. Ne3 Nh5 19. Bd2 Nf4 20. Bf1 Nd3 21. Bxd3
Bxd3 22. c4 f5 23. exf5 Bxa1 24. Qxa1 Bxf5 25. Nxf5 gxf5 26. Re6 Rxe6 27. dxe6
Qe8 28. Qf6 Qg6 29. Qe7 Qg7 30. Qxd6 Qd4+ 31. Qxd4 cxd4 32. Kf2 Rc8 33. Ke2
Rxc4 34. Kd3 Rc6 35. e7 Kf7 36. Bb4 b6 0-1

[Event "2BLS 1920 SV 1920 Hofheim - Stuttgarter"]
[Site "?"]
[Date "2019.12.07"]
[Round "5.2"]
[White "Sumets, Andrey"]
[Black "Macovei, Andrei"]
[Result "0-1"]
[WhiteElo "2580"]
[BlackElo "2443"]
[PlyCount "54"]
[EventDate "2019.??.??"]

1. d4 Nf6 2. c4 e6 3. Nf3 d5 4. Nc3 Bb4 5. e3 O-O 6. Bd3 dxc4 7. Bxc4 c5 8. O-O
cxd4 9. exd4 b6 10. Bg5 Bb7 11. Rc1 Nbd7 12. Qe2 Qb8 13. Rfd1 Rc8 14. Ne5 Nxe5
15. dxe5 Bxc3 16. Bxf6 gxf6 17. Rxc3 Qxe5 18. Re3 Qf4 19. Bd3 Rc5 20. Rg3+ Rg5
21. Bc2 Kh8 22. f3 Rag8 23. Rd7 Rxg3 24. hxg3 Qxg3 25. Rd2 Qxf3 26. Qxf3 Bxf3
27. Rf2 Bb7 0-1

[Event "2BLS 1920 SV 1920 Hofheim - Stuttgarter"]
[Site "?"]
[Date "2019.12.07"]
[Round "5.3"]
[White "Neyman, Igor"]
[Black "Ginsburg, Gennadi"]
[Result "0-1"]
[WhiteElo "2330"]
[BlackElo "2406"]
[PlyCount "72"]
[EventDate "2019.??.??"]

1. d4 d5 2. c4 e6 3. Nc3 Nf6 4. Bg5 Be7 5. cxd5 exd5 6. e3 c6 7. Qc2 a5 8. Nf3
Na6 9. a3 Nc7 10. Bd3 Ne6 11. Bh4 g6 12. O-O O-O 13. h3 Ng7 14. Na4 Bf5 15.
Bxf5 Nxf5 16. Bxf6 Bxf6 17. Nc5 Nd6 18. Nd2 Re8 19. Rab1 Qe7 20. Rfc1 Bg5 21.
Nf3 Bh6 22. b3 Rac8 23. a4 b6 24. Nd3 c5 25. dxc5 bxc5 26. Re1 Ne4 27. Nd2 c4
28. bxc4 Nxd2 29. Qxd2 dxc4 30. Nc1 c3 31. Qc2 Red8 32. Nb3 Bg7 33. Red1 Rxd1+
34. Rxd1 Qb4 35. Nd4 Qb2 36. Rc1 Rc4 0-1

[Event "2BLS 1920 SV 1920 Hofheim - Stuttgarter"]
[Site "?"]
[Date "2019.12.07"]
[Round "5.4"]
[White "Womacka, Mathias"]
[Black "Strunski, Andreas"]
[Result "1/2-1/2"]
[WhiteElo "2441"]
[BlackElo "2330"]
[PlyCount "72"]
[EventDate "2019.??.??"]

1. e4 c5 2. Nf3 a6 3. c4 Nc6 4. d4 cxd4 5. Nxd4 Nf6 6. Nc3 Qc7 7. Be3 Nxd4 8.
Qxd4 e5 9. Qd3 Bb4 10. Be2 d6 11. O-O Bxc3 12. bxc3 Be6 13. Rab1 Rc8 14. Rb4
Nd7 15. Rd1 Nc5 16. Bxc5 dxc5 17. Rb2 O-O 18. Qd6 Rfd8 19. Qxc7 Rxd1+ 20. Bxd1
Rxc7 21. Be2 Kf8 22. h4 Ke7 23. f3 Rd7 24. Kf2 Kd8 25. Ke3 Kc7 26. g3 Rd6 27.
Bf1 Rb6 28. Rxb6 Kxb6 29. Kd2 Ka5 30. Kc2 f6 31. Kb2 h5 32. a3 g5 33. Be2 Ka4
34. Bd1+ Ka5 35. Be2 Ka4 36. Bd1+ Ka5 1/2-1/2

[Event "2BLS 1920 SV 1920 Hofheim - Stuttgarter"]
[Site "?"]
[Date "2019.12.07"]
[Round "5.5"]
[White "Vyval, Volodymyr"]
[Black "Gurevich, Vladimir"]
[Result "0-1"]
[WhiteElo "2232"]
[BlackElo "2470"]
[PlyCount "72"]
[EventDate "2019.??.??"]

1. e4 c5 2. Nf3 a6 3. d4 cxd4 4. Nxd4 Nf6 5. Bd3 e5 6. Nb3 d6 7. O-O Be7 8. Nc3
O-O 9. f4 Nbd7 10. a4 exf4 11. Bxf4 Ne5 12. a5 Be6 13. Nd5 Bxd5 14. exd5 Nfd7
15. Nd4 g6 16. Nf3 Bf6 17. Nxe5 Bxe5 18. Qd2 Re8 19. Bg5 Qc7 20. c3 f6 21. Be3
f5 22. Qf2 Nf6 23. Bb6 Qg7 24. Qf3 Re7 25. Ra4 Ng4 26. h3 Nh2 27. Qd1 Nxf1 28.
Qxf1 Rae8 29. Bf2 Qh6 30. Qd1 Bf4 31. Kf1 Be3 32. Be1 Qg7 33. Ra1 Qe5 34. Bf2
Qh2 35. Bxe3 Rxe3 36. Kf2 Qg3+ 0-1

[Event "2BLS 1920 SV 1920 Hofheim - Stuttgarter"]
[Site "?"]
[Date "2019.12.07"]
[Round "5.6"]
[White "Lobzhanidze, Davit"]
[Black "Beyer, Christian"]
[Result "0-1"]
[WhiteElo "2410"]
[BlackElo "2272"]
[PlyCount "82"]
[EventDate "2019.??.??"]

1. e4 c5 2. Nf3 e6 3. d3 Nc6 4. c3 Nf6 5. g3 d5 6. Qe2 Be7 7. Bg2 c4 8. exd5
cxd3 9. Qxd3 exd5 10. O-O O-O 11. Nbd2 Bg4 12. Nb3 Qc8 13. Nbd4 Re8 14. Re1 Ne4
15. Be3 Bf6 16. Nxc6 bxc6 17. Nd2 Nd6 18. Bc5 Bf5 19. Rxe8+ Nxe8 20. Qe3 Qb7
21. b3 Nc7 22. Bd4 Re8 23. Qf3 Bxd4 24. cxd4 g6 25. Nf1 Qb4 26. Rd1 Nb5 27. a3
Qxa3 28. Ne3 Bd7 29. Qf6 Qxb3 30. Bf3 Qb4 31. Bg4 Rxe3 32. Bxd7 Re1+ 33. Rxe1
Qxe1+ 34. Kg2 Qe4+ 35. f3 Qxd4 36. Qxc6 Nc3 37. Qc8+ Kg7 38. Qc7 Nd1 39. f4
Qb2+ 40. Kf3 Qf2+ 41. Kg4 Qe2+ 0-1

[Event "2BLS 1920 SV 1920 Hofheim - Stuttgarter"]
[Site "?"]
[Date "2019.12.07"]
[Round "5.7"]
[White "Fritsch, Rolf"]
[Black "Zude, Arno"]
[Result "1/2-1/2"]
[WhiteElo "2155"]
[BlackElo "2364"]
[PlyCount "81"]
[EventDate "2019.??.??"]

1. c4 e5 2. g3 Nf6 3. Bg2 c6 4. d4 e4 5. Bg5 d5 6. Nc3 Nbd7 7. cxd5 cxd5 8. Qb3
Bd6 9. Nh3 h6 10. Bf4 Bxf4 11. Nxf4 Nb6 12. a4 a5 13. h4 O-O 14. O-O g5 15.
hxg5 hxg5 16. Nh3 Nh7 17. f3 Be6 18. Rad1 exf3 19. exf3 Nc4 20. Nb5 Re8 21.
Rfe1 Qd7 22. Nf2 Nd6 23. Nd3 Nxb5 24. Qxb5 Qxb5 25. axb5 b6 26. f4 Rac8 27. Rd2
Bd7 28. Rxe8+ Bxe8 29. fxg5 Nxg5 30. Nf4 Ne4 31. Bxe4 dxe4 32. Nd5 Kg7 33. Nc3
f5 34. Kf2 Kf6 35. g4 fxg4 36. Nxe4+ Ke7 37. Nc3 Rc4 38. Kg3 Kd8 39. Kxg4 a4
40. Rd3 Rb4 41. Rd2 1/2-1/2